Understanding planning gain (Record no. 105321)
[ view plain ]
| 000 -LEADER | |
|---|---|
| fixed length control field | 01765cam a2200253 4500 |
| 001 - CONTROL NUMBER | |
| control field | ##L133076 |
| 008 - FIXED-LENGTH DATA ELEMENTS--GENERAL INFORMATION | |
| fixed length control field | 060407n2006 000 0 eng u |
| 035 ## - SYSTEM CONTROL NUMBER | |
| System control number | (Sirsi) u133076 |
| 041 0# - LANGUAGE CODE | |
| Language code of text/sound track or separate title | eng |
| 050 04 - LIBRARY OF CONGRESS CALL NUMBER | |
| Classification number | 306.1 $2 18 |
| 100 1# - MAIN ENTRY--PERSONAL NAME | |
| Personal name | Watson, Jon |
| 245 00 - TITLE STATEMENT | |
| Title | Understanding planning gain |
| Remainder of title | what works? |
| 260 ## - PUBLICATION, DISTRIBUTION, ETC. | |
| Place of publication, distribution, etc. | York |
| Name of publisher, distributor, etc. | Joseph Rowntree Foundation |
| Date of publication, distribution, etc. | 2006 |
| 520 ## - SUMMARY, ETC. | |
| Summary, etc. | Investigates the outcomes from s106 schemes in terms of both value for money and building standards and quality and also identifies lessons from the procurement process which could form the basis of good practice guidance. Evaluates the housing provided through eight different planning agreements in Leeds and York and finds that most schemes comprised off-the-shelf purchases of homes built by private house builders. Suggests that the housing associations acquiring them were more concerned with doing the deal than ensuring that the homes met the quality and space standards required when receiving Housing Corporation funding. Sees registered social landlords as being in a relatively weak position when negotiating deals because of differences in their culture and negotiating styles compared with the private sector. The study also suggests a number of impediments to the successful operation of planning gain policy. |
| 590 ## - LOCAL NOTE (RLIN) | |
| Local note | IKA110406, KA |
| 650 24 - SUBJECT ADDED ENTRY--TOPICAL TERM | |
| Topical term or geographic name entry element | PLANNING GAIN |
| 650 24 - SUBJECT ADDED ENTRY--TOPICAL TERM | |
| Topical term or geographic name entry element | PLANNING GAIN SUPPLEMENT |
| 650 24 - SUBJECT ADDED ENTRY--TOPICAL TERM | |
| Topical term or geographic name entry element | TOWN AND COUNTRY PLANNING ACT 1990 S106 |
| 650 24 - SUBJECT ADDED ENTRY--TOPICAL TERM | |
| Topical term or geographic name entry element | TOWN AND COUNTRY PLANNING ACT 1990 S106 |
| 650 ## - SUBJECT ADDED ENTRY--TOPICAL TERM | |
| Topical term or geographic name entry element | Affordable housing |
| 9 (RLIN) | 6215 |
| 690 ## - LOCAL SUBJECT ADDED ENTRY--TOPICAL TERM (OCLC, RLIN) | |
| Topical term or geographic name as entry element | PROPERTY-RESIDENTIAL PROPERTY-RESIDENTIAL PROPERTY DEVELOPMENT |
| 856 40 - ELECTRONIC LOCATION AND ACCESS | |
| Uniform Resource Identifier | <a href="https://www.jrf.org.uk/pressroom/releases/090306.asp">https://www.jrf.org.uk/pressroom/releases/090306.asp</a> |
| Public note | View the study free of charge at www.jrf.org.uk... |
| 942 ## - ADDED ENTRY ELEMENTS (KOHA) | |
| Suppress in OPAC | 0 |
| Withdrawn status | Lost status | Source of classification or shelving scheme | Damaged status | Not for loan | Home library | Current library | Shelving location | Date acquired | Total Checkouts | Full call number | Barcode | Date last seen | Copy number | Price effective from | Koha item type |
|---|---|---|---|---|---|---|---|---|---|---|---|---|---|---|---|
| Dewey Decimal Classification | Virtual | Virtual | Online | 07/04/2006 | ONLINE PUBLICATION | 133076-2001 | 06/08/2019 | 1 | 06/08/2019 | Book |